| 000 | 00645cab a2200205 4500 | ||
|---|---|---|---|
| 001 | WB2626-28 | ||
| 008 | 090401t1990 xxu||||| |||| 00| 0 eng d | ||
| 035 | _a(Sirsi) u3260 | ||
| 041 | _aeng | ||
| 245 | _aAScheme to revive run down estates | ||
| 260 | _c1990 | ||
| 350 | _a0 | ||
| 490 |
_aDoE News Release _vno 387 29 June 1990 3 pages |
||
| 520 | _aThe DOE has announced an extension of the Estates Action programme for improving run-down housing estates with publication of the 1989-1990 annual report. | ||
| 650 | _aLOCAL AUTHORITIES | ||
| 650 | _aPRIORITY ESTATES PROJECT | ||
| 690 | _aHOUSING | ||
| 942 | _n0 | ||
| 948 | _c04/03/1997 | ||
| 999 |
_c1993 _d1993 |
||